000 00615cam a22002173a 4500
001 45258
003 PGUSA
005 20140828084033.0
008 140329s2014||||xxu|||||s|||||000 | eng d
040 _aPGUSA
_beng
042 _adc
100 1 _aSeton, Ernest Thompson,
_d1860-1946
245 1 0 _aVillejä eläimiä
_h[electronic resource] /
_cErnest Thompson Seton
260 _bProject Gutenberg,
_c2014
506 _aPublic domain in the USA.
516 _aElectronic text
700 1 _aEskola, Pentti
830 0 _aProject Gutenberg
_v45258
856 4 0 _uhttp://www.gutenberg.org/ebooks/45258
942 _cEB
999 _c274509
_d274509